[Event "DVM U14w 2020"]
[Site "Willingen GER"]
[Date "2021.06.26"]
[Round "6"]
[White "Blume, Louisa"]
[Black "Abram, Kristina-Maria"]
[Result "1/2-1/2"]
[Termination "normal"]
[Board "7.4"]
[WhiteElo "798"]
[BlackElo "1076"]
[WhiteClock "01:01:55"]
[BlackClock "01:01:23"]
[WhiteTeam "Schachfreunde Essen-Werden"]
[BlackTeam "Hamburger SK von 1830"]
[PlyCount "66"]
[WhiteFideId "34605746"]
[BlackFideId "16298349"]
[EventCountry "GER"]
[EventRounds "7"]
[EventType "team-swiss"]
[EventDate "2021.06.23"]

1. d4 {[%clk 1:30:53]} 1... d5 {[%clk 1:30:52]} 2. e3 {[%clk 1:31:11]} 2... Nf6
{[%clk 1:31:06]} 3. Bd3 {[%clk 1:31:10]} 3... c5 {[%clk 1:30:52]} 4. Nf3 4...
c4 {[%clk 1:30:04]} 5. Be2 {[%clk 1:31:10]} 5... Bf5 {[%clk 1:29:28]} 6. b3 {
[%clk 1:30:39]} 6... b5 {[%clk 1:26:32]} 7. Nbd2 {[%clk 1:30:39]} 7... e6 {
[%clk 1:24:39]} 8. Rb1 {[%clk 1:29:47]} 8... Nc6 {[%clk 1:22:48]} 9. bxc4 {
[%clk 1:29:04]} 9... bxc4 {[%clk 1:22:44]} 10. Bb2 {[%clk 1:28:43]} 10... Nb4 {
[%clk 1:22:28]} 11. Rc1 {[%clk 1:26:13]} 11... Nxa2 {[%clk 1:21:42]} 12. Ra1 {
[%clk 1:24:52]} 12... c3 {[%clk 1:22:03]} 13. Rxa2 {[%clk 1:24:27]} 13... cxd2+
{[%clk 1:22:21]} 14. Qxd2 {[%clk 1:24:33]} 14... Ne4 {[%clk 1:21:31]} 15. Qd1 {
[%clk 1:22:41]} 15... Bb4+ {[%clk 1:21:50]} 16. Kf1 {[%clk 1:21:10]} 16... Bc3
{[%clk 1:20:42]} 17. Bb5+ {[%clk 1:20:31]} 17... Ke7 {[%clk 1:19:45]} 18. g3 {
[%clk 1:18:56]} 18... Rb8 {[%clk 1:17:41]} 19. Qe2 {[%clk 1:16:00]} 19... a6 {
[%clk 1:17:37]} 20. Ba3+ {[%clk 1:15:19]} 20... Nd6 21. Bxd6+ {[%clk 1:15:28]}
21... Qxd6 {[%clk 1:17:40]} 22. Bxa6 {[%clk 1:13:42]} 22... Rb1+ 23. Kg2 {
[%clk 1:13:12]} 23... Bh3+ {[%clk 1:16:33]} 24. Kxh3 {[%clk 1:12:13]} 24...
Rxh1 {[%clk 1:16:44]} 25. Kg2 {[%clk 1:09:53]} 25... Rb1 26. Qd3 26... Bb4 {
[%clk 1:15:41]} 27. Ng5 {[%clk 1:08:20]} 27... h6 {[%clk 1:12:39]} 28. Nf3 {
[%clk 1:08:28]} 28... Rc8 {[%clk 1:11:44]} 29. Bxc8 {[%clk 1:08:30]} 29... Qc7
{[%clk 1:08:25]} 30. Ba6 {[%clk 1:08:37]} 30... f6 {[%clk 1:02:13]} 31. Nd2 {
[%clk 1:05:46]} 31... Rd1 {[%clk 1:02:14]} 32. Rb2 {[%clk 1:04:07]} 32... Rxd2
{[%clk 1:02:15]} 33. Qg6 {[%clk 1:01:55]} 33... Qa5 {[%clk 1:01:23]} 1/2-1/2

[Event "DVM U14w 2020"]
[Site "Willingen GER"]
[Date "2021.06.26"]
[Round "6"]
[White "Nguyen, Jenny Ha-Linh"]
[Black "Gerlach, Lorena"]
[Result "0-1"]
[Termination "normal"]
[Board "8.1"]
[WhiteElo "1368"]
[BlackElo "1040"]
[WhiteTeam "Schachgemeinschaft Leipzig"]
[BlackTeam "SchachAkademiePaderborn e. V."]
[PlyCount "34"]
[WhiteFideId "16209729"]
[BlackFideId "34605738"]
[EventCountry "GER"]
[EventRounds "7"]
[EventType "team-swiss"]
[EventDate "2021.06.23"]

1. e4 e6 2. d4 d5 3. exd5 exd5 4. Bd3 Bd6 5. Ne2 Ne7 6. O-O O-O 7. c3 Nbc6 8.
Qc2 g6 9. Bh6 Re8 10. h3 Nf5 11. Bc1 Nh4 12. Nf4 Qg5 13. g3 Nf3+ 14. Kh1 Bxf4
15. Bxf4 Qh5 16. h4 Qg4 17. Kg2 Qh3+ 0-1

[Event "DVM U14w 2020"]
[Site "Willingen GER"]
[Date "2021.06.26"]
[Round "6"]
[White "Henzel, Leonie"]
[Black "Halas, Neele Zoe"]
[Result "1/2-1/2"]
[Termination "normal"]
[Board "8.2"]
[WhiteElo "1020"]
[BlackElo "1267"]
[WhiteTeam "SchachAkademiePaderborn e. V."]
[BlackTeam "Schachgemeinschaft Leipzig"]
[PlyCount "72"]
[WhiteFideId "34605720"]
[BlackFideId "16287282"]
[EventCountry "GER"]
[EventRounds "7"]
[EventType "team-swiss"]
[EventDate "2021.06.23"]

1. d4 d5 2. Nf3 Nf6 3. g3 Bf5 4. Bg2 e6 5. O-O Be7 6. b3 O-O 7. c4 c5 8. cxd5
Nxd5 9. a4 a5 10. e3 Nb4 11. Ba3 Nc2 12. Ra2 Nxa3 13. Nxa3 Qb6 14. Nd2 Nc6 15.
Ndc4 Qc7 16. Nb5 Qd8 17. dxc5 Bxc5 18. Rd2 Qc8 19. Ncd6 Bxd6 20. Nxd6 Qc7 21.
Nxf5 exf5 22. Bxc6 Qxc6 23. Rd3 Rad8 24. Qd2 b6 25. Rd1 Rxd3 26. Qxd3 g6 27.
Qd6 Qxd6 28. Rxd6 Rb8 29. Rd5 Kf8 30. f3 Ke7 31. f4 f6 32. Rb5 Kd6 33. Kf2 Kc6
34. Kf3 Re8 35. h3 h5 36. h4 Re4 1/2-1/2

[Event "DVM U14w 2020"]
[Site "Willingen GER"]
[Date "2021.06.26"]
[Round "6"]
[White "Bacakova, Klara"]
[Black "Khoja, Maya"]
[Result "1/2-1/2"]
[Termination "normal"]
[Board "8.3"]
[WhiteElo "1173"]
[BlackElo "828"]
[WhiteTeam "Schachgemeinschaft Leipzig"]
[BlackTeam "SchachAkademiePaderborn e. V."]
[PlyCount "82"]
[WhiteFideId "34605762"]
[BlackFideId "34606157"]
[EventCountry "GER"]
[EventRounds "7"]
[EventType "team-swiss"]
[EventDate "2021.06.23"]

1. d4 e6 2. e4 Nf6 3. Nc3 d5 4. e5 Ne4 5. Nf3 Bb4 6. Bd2 O-O 7. Nxe4 Bxd2+ 8.
Nexd2 Nc6 9. Bb5 Bd7 10. Bd3 Nb4 11. O-O Ba4 12. b3 Bc6 13. a3 Nxd3 14. cxd3
Bb5 15. Qe2 b6 16. a4 Ba6 17. Rac1 Rc8 18. b4 b5 19. axb5 Bxb5 20. Rc5 Rb8 21.
Rfc1 c6 22. Qe3 Rb6 23. Qg5 Qxg5 24. Nxg5 Bxd3 25. Rxc6 Rbb8 26. Re1 Rxb4 27.
Rcc1 Rxd4 28. Ra1 a6 29. Ndf3 Rb4 30. Re3 Rb3 31. Ne1 Bc4 32. Rxb3 Bxb3 33.
Rxa6 h6 34. Ngf3 Rc8 35. Ra3 Bc4 36. Rc3 Ba6 37. Rxc8+ Bxc8 38. Kf1 Kh7 39. Ke2
Kg6 40. Ke3 Kf5 41. Nd4+ Kxe5 1/2-1/2

[Event "DVM U14w 2020"]
[Site "Willingen GER"]
[Date "2021.06.26"]
[Round "6"]
[White "Gruber, Florentine"]
[Black "Amelang, Jamie Alice"]
[Result "1/2-1/2"]
[Termination "normal"]
[Board "8.4"]
[WhiteElo "988"]
[BlackElo "919"]
[WhiteTeam "SchachAkademiePaderborn e. V."]
[BlackTeam "Schachgemeinschaft Leipzig"]
[PlyCount "115"]
[WhiteFideId "34605711"]
[BlackFideId "34605754"]
[EventCountry "GER"]
[EventRounds "7"]
[EventType "team-swiss"]
[EventDate "2021.06.23"]

1. d4 d5 2. Nf3 Nf6 3. g3 Bf5 4. Bg2 e6 5. O-O Be7 6. c4 c6 7. c5 h6 8. Nc3 O-O
9. Re1 Nbd7 10. Nh4 Bh7 11. e4 dxe4 12. Nxe4 Nxe4 13. Bxe4 Bxe4 14. Rxe4 b6 15.
b4 b5 16. a4 a6 17. Bb2 Nf6 18. Re1 Nd5 19. Qb3 Bxh4 20. gxh4 Qxh4 21. Qa3 Qg5+
22. Kf1 Nf4 23. Qg3 Qxg3 24. hxg3 Nd3 25. Re2 Nxb4 26. Re4 bxa4 27. Rxa4 Nd5
28. Ra3 Rfb8 29. Bc1 Rb1 30. Re1 Nc7 31. Kg2 Rd8 32. Ra4 Kh8 33. Kf1 Kh7 34.
Bf4 Rb7 35. Rd1 Rd5 36. Ke1 Rh5 37. Bxc7 Rxc7 38. Rxa6 Rb7 39. Ra2 Rb3 40. Kf1
Rh3 41. Kg2 Rh5 42. Ra6 Rf5 43. Rxc6 Rb2 44. Rf1 Rd2 45. Rd6 h5 46. c6 Rc2 47.
Kg1 Ra5 48. Rd7 Rxc6 49. Rxf7 Rd6 50. Rf4 Ra4 51. Rd1 e5 52. Rh4 Kh6 53. g4 g6
54. gxh5 gxh5 55. Kf1 exd4 56. Rd3 Ra1+ 57. Ke2 Re6+ 58. Kf3 1/2-1/2

[Event "DVM U14w 2020"]
[Site "Willingen GER"]
[Date "2021.06.26"]
[Round "6"]
[White "Adelmeyer, Nelly"]
[Black "Rotärmel, Leonie"]
[Result "1-0"]
[Termination "normal"]
[Board "9.1"]
[WhiteElo "1458"]
[BlackElo "1417"]
[WhiteTeam "SV Roter Turm Halle"]
[BlackTeam "SV Oberursel"]
[PlyCount "83"]
[WhiteFideId "16203577"]
[BlackFideId "16281390"]
[EventCountry "GER"]
[EventRounds "7"]
[EventType "team-swiss"]
[EventDate "2021.06.23"]

1. d4 Nf6 2. Nf3 g6 3. e3 Bg7 4. Bd3 d6 5. Nbd2 O-O 6. b3 Nbd7 7. Bb2 c5 8. O-O
b6 9. c4 Bb7 10. Qc2 d5 11. Rac1 Rc8 12. Rfd1 cxd4 13. exd4 e6 14. Qb1 Nb8 15.
Ne5 Nc6 16. Ba3 Re8 17. Ndf3 Nxe5 18. Nxe5 Nd7 19. Nxd7 Qxd7 20. Bb2 Qe7 21.
Be2 dxc4 22. Bxc4 Qg5 23. Bf1 Rxc1 24. Qxc1 Qxc1 25. Rxc1 Rc8 26. Rxc8+ Bxc8
27. g3 Bb7 28. Bg2 Bxg2 29. Kxg2 Kf8 30. Kf3 Ke7 31. Ke4 f5+ 32. Kd3 Kd6 33.
Kc4 Kc6 34. Kb4 a6 35. d5+ Kxd5 36. Bxg7 Kd6 37. Kc3 Kc6 38. Kc4 Kd6 39. Bf8+
Kc6 40. f4 h5 41. h4 a5 42. a4 1-0

[Event "DVM U14w 2020"]
[Site "Willingen GER"]
[Date "2021.06.26"]
[Round "6"]
[White "Neininger, Sarah"]
[Black "Lorenz, Anouk"]
[Result "1/2-1/2"]
[Termination "normal"]
[Board "9.2"]
[WhiteElo "1469"]
[BlackElo "1460"]
[WhiteTeam "SV Oberursel"]
[BlackTeam "SV Roter Turm Halle"]
[PlyCount "47"]
[WhiteFideId "16287410"]
[BlackFideId "12990256"]
[EventCountry "GER"]
[EventRounds "7"]
[EventType "team-swiss"]
[EventDate "2021.06.23"]

1. a3 c5 2. d4 cxd4 3. Nf3 Nf6 4. Nxd4 Nc6 5. Nc3 g6 6. g3 Bg7 7. Bg2 Qb6 8.
Nb3 Ng4 9. O-O d6 10. Bf4 O-O 11. Nd5 Qd8 12. Nc3 Na5 13. Nxa5 Qxa5 14. Nd5 Qd8
15. Nxe7+ Qxe7 16. Bxd6 Qe8 17. Bxf8 Qxf8 18. c3 Rb8 19. Qd2 b6 20. Qf4 Be5 21.
Qb4 Qe8 22. Qe4 Bf5 23. Qc6 Qe7 24. Rad1 1/2-1/2

[Event "DVM U14w 2020"]
[Site "Willingen GER"]
[Date "2021.06.26"]
[Round "6"]
[White "Derling, Charlotte"]
[Black "Richter, Johanna"]
[Result "1-0"]
[Termination "normal"]
[Board "9.3"]
[WhiteElo "1406"]
[BlackElo "1178"]
[WhiteTeam "SV Roter Turm Halle"]
[BlackTeam "SV Oberursel"]
[PlyCount "143"]
[WhiteFideId "16222237"]
[BlackFideId "16278925"]
[EventCountry "GER"]
[EventRounds "7"]
[EventType "team-swiss"]
[EventDate "2021.06.23"]

1. e4 c5 2. Nf3 Nc6 3. d4 cxd4 4. Nxd4 Nf6 5. Nc3 e5 6. Nf3 Be7 7. Bc4 h6 8.
Be3 d6 9. h3 a6 10. a3 O-O 11. Qd2 b5 12. Bd5 Bb7 13. O-O Kh8 14. Rfd1 Rc8 15.
Qe2 Qc7 16. Rac1 Na5 17. Bxb7 Qxb7 18. Qd3 Nc4 19. Rb1 Rfd8 20. Nd2 Nxe3 21.
Qxe3 Nd7 22. Qf3 f6 23. Nd5 Nb6 24. Nxb6 Qxb6 25. Rbc1 Rc7 26. Qb3 Qc6 27. c4
bxc4 28. Rxc4 Qb7 29. Rdc1 Qxb3 30. Nxb3 Rxc4 31. Rxc4 Rb8 32. Rb4 Rxb4 33.
axb4 Kg8 34. Na5 Kf8 35. Nc6 Ke8 36. Nb8 Kd8 37. Nxa6 Kc8 38. b5 Kb7 39. Nb4
Bd8 40. Nd5 Bb6 41. Kf1 Bc5 42. Ke2 h5 43. g3 Bd4 44. b3 Bc5 45. f3 Bb6 46. h4
Bd8 47. g4 g6 48. gxh5 gxh5 49. Kd3 Kc8 50. Kc4 Kb7 51. b6 Kc6 52. b4 Kb7 53.
Kb5 f5 54. exf5 Bxh4 55. f6 Bxf6 56. Nxf6 h4 57. Ng4 d5 58. Nxe5 d4 59. Kc4 d3
60. Kxd3 Kxb6 61. Kc4 Kc7 62. Ng4 h3 63. Kc5 Kb7 64. f4 Kc7 65. f5 h2 66. Nxh2
Kb7 67. f6 Ka6 68. f7 Kb7 69. f8=Q Ka7 70. Kb5 Kb7 71. Qe7+ Kc8 72. Kb6 1-0

[Event "DVM U14w 2020"]
[Site "Willingen GER"]
[Date "2021.06.26"]
[Round "6"]
[White "Weyerer, Elea"]
[Black "Fiedler, Annabelle"]
[Result "1-0"]
[Termination "normal"]
[Board "9.4"]
[WhiteElo "768"]
[BlackElo "860"]
[WhiteTeam "SV Oberursel"]
[BlackTeam "SV Roter Turm Halle"]
[PlyCount "97"]
[WhiteFideId "34605770"]
[BlackFideId "34605835"]
[EventCountry "GER"]
[EventRounds "7"]
[EventType "team-swiss"]
[EventDate "2021.06.23"]

1. e4 c5 2. Nf3 d6 3. Bc4 Nf6 4. d3 g6 5. h3 Bg7 6. c3 Be6 7. Bb3 O-O 8. O-O
Qc8 9. Bxe6 Qxe6 10. Re1 Nc6 11. Nbd2 b5 12. Nf1 b4 13. Ng3 c4 14. cxb4 Nxb4
15. Qa4 Nxd3 16. Re3 Nc5 17. Qc2 d5 18. exd5 Qxd5 19. Rxe7 Nd3 20. b3 Rfc8 21.
bxc4 Rxc4 22. Qd1 Rac8 23. Be3 R8c7 24. Rxc7 Rxc7 25. Ne1 Rc3 26. Bxa7 Ne4 27.
Nxe4 Qxe4 28. Qd2 Ra3 29. Rb1 h6 30. Rb3 Nxe1 31. f3 Qh4 32. Bf2 Nxf3+ 33. gxf3
Qf6 34. Rxa3 Qa1+ 35. Qe1 Qb2 36. Qe8+ Bf8 37. Ra8 Qc1+ 38. Kg2 Qg5+ 39. Kf1
Qc1+ 40. Be1 Qc4+ 41. Qe2 Qc5 42. Qe8 Qc4+ 43. Kg2 Qc2+ 44. Bf2 Kg7 45. Qxf8+
Kf6 46. Ra6+ Ke5 47. Qd6+ Kf5 48. Ra5+ Qc5 49. Rxc5# 1-0